LEADER 01114nam a2200217 i 4500 001 000000196256 003 CaOOAMICUS 005 20240515161203.0 008 110216s1974 it u000 u ita u 040 $aSeMil$bita 245 00$a1815-1898 ...Quando il popolo cominciò a leggere :$bmostra dell'alfabetizzazione e diffusione della lettura in Lombardia. 260 $aMilano :$bAnno internazionale del libro Regione Lombardia,$c1974. 300 $a78 p. :$bill. ;$c23x28 cm. 650 4$aLombardia - Alfabetizzazione - Sec. 19.$0(OLS)http://semarc/subject/55698 650 4$aLettura - Storia.$0(OLS)http://semarc/subject/55212 850 $aSeMil 852 $aSeMil$W1$xVenegono$y1$m3Y V 56$j259497$B146819$CSeMilBibl$Z2$F166535 $81 961 $aOmaggio: Grampa dott. Cesare 996 $6245$a1815-1898 ...Quando il popolo cominciò a leggere :$bmostra dell'alfabetizzazione e diffusione della lettura in Lombardia$9(OLS)http://semarc/title/283366 996 $6260$aMilano :$bAnno internazionale del libro Regione Lombardia$9(OLS)http://semarc/publisher/50831 LEADER 01292nam a2200277 i 4500 001 000000210463 003 CaOOAMICUS 005 20130903000000.0 008 130903s1997 it u000 u ita u 013 $a189276 020 $a88-399-1530-3 040 $aSeMil$bita 100 1 $aPesch, Rudolf,$d<1936-2011>.$0(OLS)http://semarc/name/542 240 10$aÜber das Wunder der Brotvermehrung : Gibt es eine Lösung für den Hunger in der Welt?.$0(OLS)http://semarc/title/304224 245 13$aIl miracolo della moltiplicazione dei pani :$bc'è una soluzione per la fame nel mondo? /$cRudolf Pesch. 260 $aBrescia :$bQueriniana,$c1997. 300 $a188 p. ;$c20 cm. 490 0 $aMeditazioni ;$v130 650 4$aBibbia - NT - Moltiplicazione dei pani.$0(OLS)http://semarc/subject/12649 830 0$aMeditazioni ;$v130.$0(OLS)http://semarc/title/6156 850 $aSeMil 852 $aSeMil$W1$xVenegono$y1$m2V II 280$j160910$B160910$CSeMilBibl$Z2$F182901 $81 961 $aLascito: Calori don Carlo 996 $6020$a88-399-1530-3$9(OLS)http://semarc/number/205439 996 $6245$aIl miracolo della moltiplicazione dei pani :$bc'è una soluzione per la fame nel mondo?$9(OLS)http://semarc/title/304223 996 $6260$aBrescia :$bQueriniana$9(OLS)http://semarc/publisher/29615